Lessons from nothing : Activities for language teaching with limited time and resources

Lessons from nothing is an invaluable resource for busy teachers everywhere who are looking for easy-to-use activities which do not require extensive facilities or preparation. It is a practical source of around 70 language teaching activities which encourage interaction and co-operation in the clas...

詳細記述

保存先:
書誌詳細
第一著者: Marsland, Bruce
フォーマット: 図書
言語:Undetermined
出版事項: Cambridge, UK Cambridge Univ. Press 1998
主題:
タグ: タグ追加
タグなし, このレコードへの初めてのタグを付けませんか!
Thư viện lưu trữ: Trung tâm Học liệu Trường Đại học Cần Thơ
LEADER 01086nam a2200229Ia 4500
001 CTU_42384
008 210402s9999 xx 000 0 und d
020 |c 159000 
082 |a 428.007 
082 |b M347 
100 |a Marsland, Bruce 
245 0 |a Lessons from nothing : 
245 0 |b Activities for language teaching with limited time and resources 
245 0 |c Bruce Marsland 
260 |a Cambridge, UK 
260 |b Cambridge Univ. Press 
260 |c 1998 
520 |a Lessons from nothing is an invaluable resource for busy teachers everywhere who are looking for easy-to-use activities which do not require extensive facilities or preparation. It is a practical source of around 70 language teaching activities which encourage interaction and co-operation in the classroom. Special features: * activities for immediate use * activities for all ages and levels * clear presentation * no photocopying required. 
650 |a English language 
650 |x Problems, exercises, etc. 
904 |i Minh, 010720 
980 |a Trung tâm Học liệu Trường Đại học Cần Thơ